| 000 | 00711cam a2200253 i 4500 | ||
|---|---|---|---|
| 999 |
_c200450396 _d68608 |
||
| 003 | TR-AnTOB | ||
| 005 | 20230418135911.0 | ||
| 007 | ta | ||
| 008 | 160905s[t.y$$$$tu#a###$r01###$$$$#eng u | ||
| 040 |
_beng _erda _cTR-AnTOB _aTR-AnTOB |
||
| 041 | 0 | _aeng | |
| 044 | _ctu | ||
| 060 |
_aWJ 700 _bA755 2015 |
||
| 096 |
_aWJ700 _bA755 2015 |
||
| 245 | 0 | 0 |
_aAtlas of dysmorphology and diagnosis / _ceditör Munis Dündar. |
| 264 | 1 |
_aKayseri : _bErciyes Üniversitesi, _c[2015]. |
|
| 300 |
_a555 pages : _bresim ; _c24 cm |
||
| 336 |
_ametin _btxt _2rdacontent |
||
| 337 |
_aaracısız _bn _2rdamedia |
||
| 338 |
_acilt _bnc _2rdacarrier |
||
| 650 | 0 | _aGenetik bilimi | |
| 942 |
_2NLM _cBK |
||